| 000 | 02136cam a2200457Ka 4500 | ||
|---|---|---|---|
| 001 | 8371942 | ||
| 003 | NUST - PNEC | ||
| 005 | 20170116181106.0 | ||
| 006 | m d | ||
| 007 | cr bn||||||abp | ||
| 007 | cr bn||||||ada | ||
| 008 | 100329s1897 mauaf jo 000 1 eng d | ||
| 035 | _a(OCoLC)ocn587279546 | ||
| 035 | _a(OCoLC)587279546 | ||
| 040 |
_aOCLCE _beng _cLIBRARY _dOCLCQ |
||
| 043 | _as------ | ||
| 049 | _aZCUA | ||
| 050 | 4 |
_aPZ7.D36 _bRo 1897 _aPR3403 |
|
| 082 | 0 | 4 | _a823.5 DEF |
| 100 | 1 |
_aDefoe, Daniel, _d1661?-1731. |
|
| 240 | 1 | 0 | _aRobinson Crusoe |
| 245 | 1 | 4 |
_aThe adventures of Robinson Crusoe for young folks _h[electronic resource] / _cedited by William T. Adams. |
| 246 | 1 | 7 | _aYoung folks' Robinson Crusoe |
| 260 |
_aBoston : _bLothrop, _cc1897. |
||
| 300 |
_a1 online resource (viii, 266 p., [3] leaves of plates) : _bill. (some col.) |
||
| 506 |
_3Use copy _fRestrictions unspecified _2star _5MiAaHDL |
||
| 533 |
_aElectronic reproduction. _b[S.l.] : _cHathiTrust Digital Library, _d2010. |
||
| 538 |
_aMaster and use copy. Digital master created according to Benchmark for Faithful Digital Reproductions of Monographs and Serials, Version 1. Digital Library Federation, December 2002. _uhttp://purl.oclc.org/DLF/benchrepro0212 |
||
| 583 | 1 |
_adigitized _c2010 _hHathiTrust Digital Library _lcommitted to preserve _2pda _5MiAaHDL |
|
| 650 | 0 |
_aCrusoe, Robinson (Fictitious character) _vJuvenile fiction. _xGeneral books |
|
| 650 | 0 |
_aAdventure stories _vJuvenile fiction. |
|
| 650 | 0 |
_aSurvival after airplane accidents, shipwrecks, etc. _vJuvenile fiction. |
|
| 650 | 0 |
_aWilderness survival _vJuvenile fiction. |
|
| 650 | 0 |
_aShipwrecks _vJuvenile fiction. |
|
| 651 | 0 |
_aSouth America _vJuvenile fiction. |
|
| 655 | 7 |
_aAdventure fiction. _2gsafd |
|
| 700 | 1 |
_aAdams, William T. _q(William Taylor), _d1822-1897. |
|
| 776 | 0 | 8 |
_iPrint version: _aDefoe, Daniel, 1661?-1731. _sRobinson Crusoe. _tAdventures of Robinson Crusoe for young folks. _dBoston : Lothrop, c1897 _w(OCoLC)28354099 |
| 856 | 4 | 0 |
_3HathiTrust Digital Library _uhttp://catalog.hathitrust.org/api/volumes/oclc/67409798.html |
| 942 |
_2ddc _cBK |
||
| 999 |
_c68950 _d68950 |
||